| 000 | 00677nam a2200229 a 4500 | ||
|---|---|---|---|
| 999 |
_c3690 _d3690 |
||
| 001 | 3690 | ||
| 003 | BD-JhCC | ||
| 005 | 20171116173050.0 | ||
| 008 | 171116s2001 bg |||| ||a| 000 0 ben d | ||
| 020 | _a9845552706 | ||
| 035 | _a(BD-JhCC)3690 | ||
| 040 |
_aBD-JhCC _dBD-JhCC |
||
| 041 | _aben | ||
| 082 |
_a891.4415 _bISL 2001 |
||
| 100 | _aইসলাম, কাজী নজরুল | ||
| 245 |
_aবিষের বাঁশী / _cকাজী নজরুল ইসলাম |
||
| 260 |
_aঢাকা : _bনজরুল ইন্সটিটিউট, _c২০০১. |
||
| 300 |
_a63 p. : _c21 cm. |
||
| 650 | _aBengali Poem | ||
| 942 |
_2ddc _cBK |
||